Kvete růžička polka /

Hlavní autor: Čech, František, 1907-1975
Jazyk: Čeština
Vydáno: Kardašova Řečice : F. Čech, 1937
Fyzický popis: 9 hlasů
Hudebniny Hudebniny
Uloženo v:
LEADER 00703ncm a22002172a 4500
001 001091303
003 CZ BrMZK
005 20110215142824.0
007 qu
008 031120s1937 xr f cze d
040 |a BOA001  |b cze  |c BOA001 
072 7 |a 784  |x Vokální hudba  |2 Konspekt  |9 9 
100 1 |a Čech, František,  |d 1907-1975  |7 xx0006365  |4 cmp 
245 1 0 |a Kvete růžička  |h [hudebnina] :  |b polka /  |c František Čech 
260 |a Kardašova Řečice :  |b F. Čech,  |c 1937 
300 |a 9 hlasů 
500 |a Pro universální orchestr 
910 |a BOA001  |b Mus3-0436.545 
990 |a MU 
991 |b 201003 
996 6 |b 2619451419  |c Mus3-0436.545  |l MZK  |r Sklad / do 1 hodiny  |n 0  |w 001116057  |u 000010  |a 1  |e BOA001  |j MZK50  |s P